000 00274nam a22001217a 4500
008 180227b xxu||||| |||| 00| 0 eng d
041 _aeng
080 _a573
100 _a11
101 _abio
245 _ahandbook of soybean insect pests
_cleon.g.c
942 _2udc
_cBK
999 _c43526
_d43526